000 00479nam a22001817a 4500
003 CEME
005 20210628203102.0
008 210218b xxu||||| |||| 00| 0 eng d
020 _a0-14-051271-3
040 _c.
082 _a503 NEW
100 _aClugston, M.J
_963238
245 _aThe new penguin dictionary of science
260 _aNEW YORK
_bPENGUIN BOOK
_c1998
300 _aXIV,845P
650 _aSCIENCE-DICTIONARY; DICTIONARY OF SCIENCE
_963239
942 _cBK
_2ddc
999 _c572121
_d572121